| 000 | 00584nam a22001817a 4500 | ||
|---|---|---|---|
| 008 | 160927b xxu||||| |||| 00| 0 eng d | ||
| 020 | _a9781412950176 | ||
| 050 | _aHD 57.7 .C372 2007 | ||
| 100 | _aEdited by Rowe, W. Glenn | ||
| 245 |
_aCases in Leadership/ _cEdited by W. Glenn Rowe |
||
| 260 |
_aLos Angeles: _bSage Publications, _c2007 |
||
| 300 |
_ax, 421p. : _bill. ; |
||
| 500 | _aIncludes references. | ||
| 650 |
_aLeadership _xCase studies |
||
| 650 |
_aManagement _xCase studies |
||
| 700 | _aRowe, W. Glenn | ||
| 942 |
_2lcc _cBOOKS _hHD 57.7 .C372 2007 |
||
| 999 |
_c14119 _d14119 |
||